000 00862nam a2200229 i 4500
001 91609
003 ES-MaACL
005 20250827062615.0
007 t|
008 050131s1931 sp ||||1| spa d
080 _a331-053.2:351.83(46)"19"(094.5)
080 _a331-055.2:351.83(46)"19"(094.5)
110 1 _aEspaña
_93622
245 1 0 _aLey de 13 de marzo de 1900 fijando las condiciones del trabajo de las mujeres y de los niños y Reglamento para su aplicación.
260 _aMadrid :
_bMinisterio de Trabajo y Previsión,
_c1931 (
_fSuc. de M. Minuesa de los Ríos)
300 _a12 p. ;
_c23 cm.
650 4 _aMujeres-
_xTrabajo-
_zEspaña-
_y1931-1939.
_9167891
650 4 _aNiños-
_xTrabajo-
_zEspaña.
_9148840
710 1 _aEspaña.
_bMinisterio de Trabajo y Previsión
_93933
852 4 _aES-MaACL
_j1757-F-21
999 _c91609
_d91609